| 000 | 00795nam a22002177a 4500 | ||
|---|---|---|---|
| 999 |
_c61715 _d61715 |
||
| 005 | 20240419162712.0 | ||
| 008 | 240419s2007 enk||||| |||| 00| 0 eng d | ||
| 020 | _a9789996013768x | ||
| 041 | _aeng | ||
| 080 | _a616.6 C-18 | ||
| 245 |
_aCampbell-Walsh Urology : _bvolume 2 / _cEditor Wein, Alan J. | Kavoussi, Louis R. |
||
| 250 | _aNinth Edition | ||
| 264 |
_aPhiladelphia : _bSaunders, _c2007. |
||
| 300 |
_a1888 p.: _bill.; _c29 cm. |
||
| 653 | _aუროლოგია | ||
| 653 | _aმედიცინა | ||
| 653 | _aქალის უროგენიტალური დაავადებები | ||
| 700 |
_a Wein, Alan J. _dრედაქტორი _921888 |
||
| 700 |
_aKavoussi, Louis R. _eრედაქტორი _99481 |
||
| 942 |
_2udc _cᲬᲘᲒᲜᲘ |
||